[Event "3rd All-China Games"]
[Site "Suzhou CHN"]
[Date "2006.05.21"]
[Round "3"]
[White "Zhang Jilin"]
[Black "Li Ruofan"]
[Result "0-1"]
[WhiteElo "2294"]
[BlackElo "2391"]

1.e4 c5 2.Nf3 e6 3.d4 cxd4 4.Nxd4 a6 5.Bd3 Bc5 6.Nb3 Ba7 7.O-O Nc6 8.Qg4 Nf6
9.Qxg7 Rg8 10.Qh6 Ne5 11.Bf4 Rg6 12.Qh3 d6 13.Bxe5 dxe5 14.N1d2 Qc7 15.Nc4 Bd7
16.a4 O-O-O 17.a5 Bc6 18.Qf3 Rdg8 19.g3 Ng4 20.Nb6+ Kb8 21.h3 Nh6 22.Kh2 f5
23.Rg1 Nf7 24.Nc5 Ng5 25.Qe2 Bxb6 26.axb6 Qxb6 27.b4 fxe4 28.Nxe4 Nxe4 29.Bxe4 Bxe4
30.Qxe4 Qxf2+ 31.Rg2 Qf5 32.Re1 Rg5 33.Qxf5 Rxf5 34.g4 Rf4 35.Rxe5 Rxb4 36.Rxe6 a5
37.g5 a4 38.Re3 Rc4 39.c3 Rgc8 40.Ra2 b5 41.Rb2 R8c5 42.Re8+ Ka7 43.Re7+ Ka6
44.Rb4 a3 45.Re8 Rxc3 46.h4 Rd3 47.Re2 Ka5 48.Rg4 b4 49.h5 b3  0-1

[Event "Open"]
[Site "Chicago USA"]
[Date "2006.05.28"]
[Round "6"]
[White "Robson,R"]
[Black "Bierkens,P"]
[Result "1-0"]
[WhiteElo "2135"]
[BlackElo "2232"]

1.e4 c5 2.Nf3 e6 3.d4 cxd4 4.Nxd4 a6 5.Bd3 Bc5 6.Nb3 Be7 7.c4 d6 8.Nc3 Nf6
9.O-O Nbd7 10.f4 b6 11.Qe2 Bb7 12.Bd2 O-O 13.Rae1 Re8 14.Kh1 Rc8 15.Rf3 g6
16.Rh3 Qc7 17.e5 Nh5 18.Rxh5 gxh5 19.Bxh7+ Kxh7 20.Qxh5+ Kg8 21.Qg4+ Kh8
22.Qh5+ Kg8 23.Re3 Nf8 24.Rh3 Bh4 25.Rxh4 Ng6 26.Qh7+ Kf8 27.f5 exf5 28.Bh6+ Ke7
29.Bg5+ Kd7 30.Qxf7+ Ne7 31.Bxe7 Rxe7 32.e6+ Kc6 33.Nd4+ Kc5 34.Qxf5+ d5
35.Na4+ Kb4 36.a3+ Kxa4 37.Qc2+  1-0

[Event "White Nights Open"]
[Site "St Petersburg RUS"]
[Date "2006.06.01"]
[Round "9"]
[White "Shimanov,A"]
[Black "Kostin,S"]
[Result "1-0"]
[WhiteElo "2300"]
[BlackElo "2280"]

1.e4 c5 2.Ne2 e6 3.d4 cxd4 4.Nxd4 a6 5.Bd3 Qc7 6.O-O Nc6 7.Nxc6 Qxc6 8.b3 b5
9.Bb2 Nf6 10.Nd2 Bb7 11.Qe2 Bb4 12.c4 Bxd2 13.Qxd2 bxc4 14.bxc4 Nxe4 15.Bxe4 Qxe4
16.f3 Qc6 17.Bxg7 Rg8 18.Bd4 Qxc4 19.Rac1 Qd5 20.Rc5 Qd6 21.Qc3 f5 22.Be5 Qb6
23.Bd4 Qd6 24.Be5 Qe7 25.Rd1 Bd5 26.Bf6 Qd6 27.Be5 Qe7 28.Bf6 Qd6 29.Bh4 Rg6
30.Rcxd5 exd5 31.Qh8+ Qf8 32.Qe5+ Kf7 33.Qxd5+ Kg7 34.Qe5+ Kg8 35.Rxd7 Re8
36.Qd5+ Rge6 37.h3 Qb4 38.Qxf5 Re1+ 39.Kh2 R1e7 40.Qg5+ Kh8 41.Rxe7 Qd6+
42.Qe5+  1-0

[Event "28th Nezhmetdinov mem"]
[Site "Kazan RUS"]
[Date "2006.06.06"]
[Round "6"]
[White "Rudnev,Y"]
[Black "Nikonova,I"]
[Result "1-0"]
[WhiteElo "2142"]
[BlackElo "2072"]

1.e4 c5 2.Nf3 e6 3.d4 cxd4 4.Nxd4 a6 5.Bd3 Qc7 6.O-O Nc6 7.Nxc6 dxc6 8.c4 Bd6
9.f4 e5 10.f5 Bc5+ 11.Kh1 Nf6 12.Nc3 Bd7 13.Bg5 Be7 14.Qe2 O-O-O 15.Rac1 Kb8
16.a3 h6 17.Bh4 Ng8 18.Bf2 Bg5 19.Rc2 b6 20.b4 Ne7 21.c5 b5 22.a4 Qb7 23.Bg3 Bf6
24.Ra2 Kc7 25.Bc2 h5 26.h3 Bc8 27.Qe3 h4 28.Bh2 Qb8 29.Bb3 Rhf8 30.axb5 axb5
31.Ne2 Bb7 32.Ng1 Kc8 33.Nf3 Ng8 34.Qc3 Rde8 35.Rd2 Re7 36.Rfd1 Rfe8 37.Rd6 Qc7
38.Qd2 Ba8 39.Bg1 Bb7 40.Bf2 Ba8 41.Bxh4 Bxh4 42.Nxh4 Nf6 43.Qe1 Rh8 44.Nf3 Ne8
45.Qc3 Nf6 46.Qd3 Bb7 47.Ng5 Ng4 48.Kg1 Nh6 49.Nf3 Nxf5 50.exf5 e4 51.Qe3 exf3
52.Qxf3 Rhe8 53.Qg4 Re4 54.Qxg7 Re1+ 55.Rxe1 Rxe1+ 56.Kf2 Qe7 57.Be6+ Rxe6
58.fxe6 Qh4+ 59.Kg1 Kb8 60.exf7  1-0

[Event "TCh-NOR"]
[Site "Oslo NOR"]
[Date "2006.06.08"]
[Round "2"]
[White "Gabrielsen,S"]
[Black "Michelsen,S"]
[Result "1/2-1/2"]
[WhiteElo "2288"]
[BlackElo "2215"]

1.e4 c5 2.Nf3 e6 3.d4 cxd4 4.Nxd4 a6 5.Bd3 Nf6 6.O-O d6 7.c4 g6 8.Nc3 Bg7
9.Be3 O-O 10.Rc1 b6 11.Qe2 Bb7 12.Rfd1 Nbd7 13.Bb1 Qc7 14.b3 Rac8 15.Kh1 Qb8
16.Nf3 Rfe8 17.Bf4 Ne5 18.Nxe5 dxe5 19.Be3 Bc6 20.b4 Red8 21.f3 Rxd1+ 22.Rxd1 Be8
23.Bd3 Bf8 24.Qb2 Be7 25.Be2 Rd8 26.Kg1 Rxd1+ 27.Bxd1 Qc7 28.Be2 Bc6 29.b5 axb5
30.cxb5 Bb7 31.Na4 Nd7 32.Qc1 Qxc1+ 33.Bxc1 Kf8 34.Be3 Bd8 35.Kf2 Bc7 36.Bc4 Ke7
37.Ke2 Kd6 38.Bd3 Bd8 39.Kd2 Kc7 40.Kc3 Be7 41.Kc4 Bd6 42.g4 Be7 43.Bc2 Ba3
44.Bf2 Be7 45.Nb2 Ba3 46.Kb3 Bc5 47.Bg3 Bd4 48.Nc4 f6 49.a4 h5 50.gxh5 gxh5
51.Bh4 f5 52.Be7 Bc5 53.Bxc5 Nxc5+ 54.Kb4 fxe4 55.a5 Nd3+ 56.Kc3  1/2-1/2

[Event "TCh-NOR Open"]
[Site "Oslo NOR"]
[Date "2006.06.09"]
[Round "3"]
[White "Robertsen,T"]
[Black "Persson,M1"]
[Result "1/2-1/2"]
[WhiteElo "2211"]
[BlackElo "2025"]

1.e4 c5 2.Nf3 e6 3.d4 cxd4 4.Nxd4 a6 5.Bd3 Nc6 6.Nxc6 dxc6 7.O-O e5 8.f4 Nf6
9.Qe1 Bc5+ 10.Be3 Qb6 11.Bxc5 Qxc5+ 12.Kh1 exf4 13.Nd2 Be6 14.Rxf4 Ng4 15.Qe2 h5
16.Raf1 g5 17.R4f3 Qe5 18.Rh3 Qxb2 19.Nc4 Qd4 20.e5 Kf8 21.Nd6 Qxe5 22.Qxe5 Nxe5
23.Re3 Ke7 24.Nxb7 f6 25.Nc5 Bxa2 26.Ne4 Nxd3 27.cxd3 a5 28.Nc3+ Be6 29.Rfe1 Kf7
30.Rxe6 Rae8 31.Rxe8 Rxe8 32.Ne4 Kg6 33.Rf1 Re6 34.Kg1  1/2-1/2

[Event "TCh-NOR Open"]
[Site "Oslo NOR"]
[Date "2006.06.11"]
[Round "5"]
[White "Khachatourian,Y"]
[Black "Bue,G"]
[Result "1-0"]
[WhiteElo "2053"]
[BlackElo "1856"]

1.e4 c5 2.Nf3 e6 3.d4 cxd4 4.Nxd4 a6 5.Bd3 Nc6 6.Be3 Nf6 7.Nc3 Nxd4 8.Bxd4 d6
9.O-O e5 10.Be3 Be6 11.Qe1 Be7 12.Be2 O-O 13.Rd1 Qc7 14.f4 Qc6 15.f5 Bc4
16.Bxc4 Qxc4 17.Bg5 Rfe8 18.Bxf6 Bxf6 19.Nd5 Bd8 20.f6 g6 21.Qh4 h5 22.Rd3 Qxc2
23.Qg5 Kh7 24.Rh3 Qe2 25.g4 Qxe4 26.Rxh5+ Kg8 27.Rh8+  1-0

[Event "10th Heraclion Open"]
[Site "Athens GRE"]
[Date "2006.06.12"]
[Round "3"]
[White "Sigalas,F"]
[Black "Pappelis,K"]
[Result "1-0"]
[WhiteElo "2191"]
[BlackElo "1859"]

1.e4 c5 2.Nf3 e6 3.d4 cxd4 4.Nxd4 a6 5.Bd3 Qc7 6.O-O Nc6 7.Nxc6 bxc6 8.c4 Nf6
9.Nc3 Be7 10.Qe2 d6 11.b3 O-O 12.Bb2 Bb7 13.Rac1 c5 14.f4 Nd7 15.e5 dxe5
16.fxe5 Nxe5 17.Nd5 exd5 18.Bxe5 Bd6 19.Bxh7+ Kxh7 20.Qh5+ Kg8 21.Bxg7 Bxh2+
22.Kh1 Kxg7 23.Qg5+ Kh7 24.Rf6 Qd6 25.Rc3  1-0

[Event "Open A"]
[Site "Voronezh RUS"]
[Date "2006.06.12"]
[Round "1"]
[White "Ter Karapetian,Al"]
[Black "Kostin,Alexe"]
[Result "0-1"]
[WhiteElo "2155"]
[BlackElo "2420"]

1.e4 c5 2.Nf3 e6 3.d4 cxd4 4.Nxd4 a6 5.Bd3 Nf6 6.O-O Qc7 7.Qe2 d6 8.c4 Nbd7
9.b3 g6 10.Bb2 Bg7 11.Nc3 b6 12.Rad1 O-O 13.Bb1 Bb7 14.h3 Rfe8 15.Ndb5 axb5
16.Nxb5 Qb8 17.Nxd6 Rd8 18.Nxb7 Qxb7 19.e5 Nh5 20.Be4 Qc7 21.Bxa8 Rxa8 22.g4 Nf4
23.Qf3 Rxa2 24.Rd2 g5 25.Rfd1 Nf8 26.h4 h6 27.h5 Qe7 28.Bd4 Rxd2 29.Rxd2 Qa3
30.Bb2 Qa2 31.Qd1 Qa8 32.f3 Qa5 33.Rd8 b5 34.c5 b4 35.Rc8 Qa2 36.Qd2 Qxb3
37.Kf2 Nd3+ 38.Kg2 Nxb2 39.c6 Nc4 40.Qc1 Nxe5  0-1

[Event "Summer-1"]
[Site "Alushta UKR"]
[Date "2006.06.13"]
[Round "16"]
[White "Zinchenko,Ya"]
[Black "Kononenko,Dmitry1"]
[Result "1-0"]
[WhiteElo "2499"]
[BlackElo "2472"]

1.e4 c5 2.Nf3 e6 3.d4 cxd4 4.Nxd4 a6 5.Bd3 Nf6 6.O-O Qc7 7.Qe2 d6 8.c4 g6
9.Nc3 Bg7 10.Rd1 O-O 11.Nf3 Nbd7 12.Bf4 Nh5 13.Be3 Bxc3 14.bxc3 e5 15.Qd2 Nc5
16.Bc2 Nf6 17.Qxd6 Qxd6 18.Rxd6 Ncxe4 19.Rb6 Re8 20.h3 Kg7 21.Nxe5 Nxc3 22.Nd3 Nd7
23.Rb3 Ne4 24.Re1 f6 25.Bd4 Kf7 26.Nf4 Nec5 27.Rxe8 Kxe8 28.Re3+ Kf8 29.Nd5 f5
30.Nc7 Rb8 31.Re8+ Kf7 32.Rh8 h5 33.Rh7+ Kf8 34.Rg7  1-0

[Event "10th Heraclion Open"]
[Site "Athens GRE"]
[Date "2006.06.13"]
[Round "4"]
[White "Draci,R"]
[Black "Kalesis,N"]
[Result "0-1"]
[WhiteElo "2209"]
[BlackElo "2435"]

1.e4 c5 2.Nf3 e6 3.d4 cxd4 4.Nxd4 a6 5.Bd3 Qc7 6.Nc3 Nf6 7.Qe2 d6 8.Bd2 Nc6
9.Nf3 Be7 10.O-O O-O 11.a4 b6 12.Bf4 Nd7 13.Nd1 Nce5 14.Nxe5 Nxe5 15.Bd2 Bb7
16.Bc3 Nxd3 17.cxd3 d5 18.Qg4 e5 19.d4 Bd6 20.f4 f5 21.exf5 exf4 22.Bd2 Rae8
23.Bxf4 Re4 24.Bxd6 Qxd6 25.Qf3 Rxd4 26.Ne3 Bc6 27.Rad1 Rxd1 28.Rxd1 d4 29.Qg4 Rd8
30.b3 Qe7 31.Nc2 h5 32.Qf4 d3 33.Qc4+ Kh7 34.Qxc6 dxc2 35.Qxc2 Qc5+  0-1

[Event "Open A"]
[Site "Voronezh RUS"]
[Date "2006.06.13"]
[Round "2"]
[White "Shaposhnikov,E"]
[Black "Papin,V"]
[Result "1/2-1/2"]
[WhiteElo "2538"]
[BlackElo "2388"]

1.e4 c5 2.Nf3 e6 3.d4 cxd4 4.Nxd4 a6 5.Bd3 g6 6.c4 Bg7 7.Nf3 Nc6 8.O-O Nge7
9.Nc3 O-O 10.Re1 d5 11.exd5 exd5 12.Bg5 h6 13.Bf4 dxc4 14.Bxc4 b5 15.Bb3 Bg4
16.Qe2 Nf5 17.Rad1 Ncd4 18.Qe4 Bxf3 19.gxf3 Re8 20.Qb7 Rxe1+ 21.Rxe1 Nxb3
22.axb3 Qc8 23.Qd5 Ra7 24.Rd1 Kh7 25.Bg3 Re7 26.Qd3 Nd4 27.Ne4 Qh3 28.Qe3 Rd7
29.Rc1 f5 30.Nd2 f4 31.Bxf4 Nf5 32.Qe6 Re7 33.Qc8 Re8 34.Qd7 Rd8 35.Qe6  1/2-1/2

[Event "Open A"]
[Site "Voronezh RUS"]
[Date "2006.06.16"]
[Round "5"]
[White "Chebotarev,O"]
[Black "Papin,V"]
[Result "0-1"]
[WhiteElo "2493"]
[BlackElo "2388"]

1.e4 c5 2.Nf3 e6 3.d4 cxd4 4.Nxd4 a6 5.Bd3 g6 6.Nd2 Bg7 7.N4b3 Ne7 8.f4 O-O
9.h4 d5 10.e5 f6 11.exf6 Bxf6 12.Nf3 Nbc6 13.O-O d4 14.h5 Nf5 15.hxg6 hxg6
16.g4 Ne3 17.Bxe3 dxe3 18.Qe2 Bxb2 19.Rad1 Rxf4 20.Qxe3 Rxg4+ 21.Kh1 Qc7
22.Nh2 Rh4 23.Qf2 Qe7 24.Qg3 Ne5 25.Bxg6 Nxg6 26.Qxg6+ Bg7 27.Rf7 Qxf7 28.Rd8+ Qf8
29.Rxf8+ Kxf8 30.Kg1 Bd7 31.Nf3 Rh6 32.Qg4 Bc6 33.Na5 Bxf3 34.Qxf3+ Kg8 35.Qxb7 Rf8
36.Nc6 Rg6+ 37.Kh2 Kh8 38.Ne7 Be5+ 39.Kh3 Rg3+ 40.Kh4 Rg7  0-1

[Event "Open"]
[Site "Teplice CZE"]
[Date "2006.06.18"]
[Round "2"]
[White "Talla,V"]
[Black "Hadraba,V"]
[Result "1/2-1/2"]
[WhiteElo "2403"]
[BlackElo "2179"]

1.e4 c5 2.Nf3 e6 3.d4 cxd4 4.Nxd4 a6 5.Bd3 Bc5 6.Nb3 Be7 7.O-O d6 8.c4 Nf6
9.Nc3 O-O 10.Be3 b6 11.f3 Nbd7 12.Re1 Bb7 13.Bf1 Rc8 14.Rc1 Qc7 15.Qd2 Rfe8
16.a3 Qb8 17.Nd4 Bd8 18.Kh1 Bc7 19.Qf2 d5 20.exd5 Bxh2 21.Nce2 Bd6  1/2-1/2

[Event "ch-NED"]
[Site "Hilversum NED"]
[Date "2006.06.19"]
[Round "3"]
[White "Van der Wiel,J"]
[Black "Van Wely,L"]
[Result "0-1"]
[WhiteElo "2511"]
[BlackElo "2655"]

1.e4 c5 2.Nf3 e6 3.d4 cxd4 4.Nxd4 a6 5.Bd3 Bc5 6.Nb3 Be7 7.Qg4 g6 8.Qe2 d6
9.Be3 Nf6 10.N1d2 Nc6 11.Nc4 Nd7 12.a4 d5 13.exd5 exd5 14.Ncd2 O-O 15.Nf3 Re8
16.O-O Bd6 17.Bg5 f6 18.Be3 Nde5 19.h3 Bc7 20.Nfd4 Nb4 21.Bf4 Qd6 22.Bg3 Bd7
23.Qd2 Nbxd3 24.cxd3 Bb6 25.Rfc1 Bxh3 26.gxh3 Nf3+ 27.Kg2 Qxg3+ 28.Kxg3 Nxd2
29.Nc5 Rac8 30.b4 a5 31.Nb5 axb4 32.Nd7 Rxc1 33.Rxc1  0-1

[Event "Open A"]
[Site "Voronezh RUS"]
[Date "2006.06.19"]
[Round "7"]
[White "Charochkina,D"]
[Black "Shaposhnikov,E"]
[Result "0-1"]
[WhiteElo "2216"]
[BlackElo "2538"]

1.e4 c5 2.Nf3 e6 3.d4 cxd4 4.Nxd4 a6 5.Bd3 Nf6 6.O-O d6 7.c4 b6 8.Nc3 Bb7
9.Qe2 g6 10.f4 Bg7 11.Nf3 O-O 12.Bd2 Nbd7 13.Rad1 Qc7 14.Kh1 Rac8 15.b3 Rfe8
16.Bb1 Nh5 17.Qe1 Nc5 18.Qf2 Nf6 19.Rde1 d5 20.cxd5 exd5 21.e5 Nfe4 22.Nxe4 Nxe4
23.Bxe4 dxe4 24.Ng5 Qc2 25.Qxb6 Bd5 26.Be3 h6 27.Rf2 Qc3 28.Bd2 Qd3 29.Nh3 Rc2
30.Be3 Rec8 31.Qd4 Qxd4 32.Bxd4 Bf8 33.Ng1 Bb4 34.Rxc2 Rxc2 35.Re2 Rc1 36.h3 h5
37.Be3 Rd1 38.g3 Be1 39.Kg2 h4 40.g4 Bg3 41.Rc2 Rd3 42.Rc8+ Kg7 43.Rd8 Rxe3
44.Rxd5 Bxf4 45.Kf2 Rg3 46.Ne2 Be3+  0-1

[Event "II Perla Baltyku"]
[Site "Mielno POL"]
[Date "2006.06.20"]
[Round "1"]
[White "Panocki,A"]
[Black "Grabarczyk,B"]
[Result "0-1"]
[WhiteElo "2183"]
[BlackElo "2475"]

1.e4 c5 2.Nf3 e6 3.d4 cxd4 4.Nxd4 a6 5.Bd3 d6 6.O-O Nf6 7.a4 b6 8.Nc3 Bb7
9.f4 g6 10.Be3 Bg7 11.Nb3 Nbd7 12.Be2 Qc7 13.Bf3 O-O 14.Qe2 Rfe8 15.Rad1 Nc5
16.Nxc5 bxc5 17.Qf2 Rab8 18.e5 dxe5 19.Bxc5 Bxf3 20.Bd6 Qb7 21.fxe5 Ne4 22.Qxf3 Nxd6
23.exd6 Qxf3 24.Rxf3 Rxb2 25.Rd2 Rd8 26.Ne4 Rb4 27.Ng5 Rd7 28.c3 Rxa4 29.Rxf7 Rxf7
30.Nxf7 Kxf7 31.d7 Bf6 32.d8=Q Bxd8 33.Rxd8 Rc4 34.Ra8 Rxc3 35.Rxa6 Kf6 36.Kf2 h5
37.h3 h4 38.Ra8 g5 39.Rf8+ Ke5 40.Rg8 Kf4 41.Rf8+ Ke4 42.Rg8 Rc5 43.Rg6 Rf5+
44.Ke2 e5 45.Rg8 Kf4 46.Kf2 e4 47.Re8 Rf7 48.Re6 Ra7 49.Rf6+ Ke5 50.Rf8 Ra2+
51.Kg1 Rc2 52.Rf7 Kd4 53.Rg7 e3 54.Rd7+ Kc3 55.Kf1 Rf2+ 56.Kg1 Rf5 57.Rc7+ Kd2
58.Rd7+ Ke1 59.Ra7 Rf1+ 60.Kh2 e2 61.g4 Kd2  0-1

[Event "Open"]
[Site "Teplice CZE"]
[Date "2006.06.20"]
[Round "5"]
[White "Kalina,Ji"]
[Black "Hadraba,V"]
[Result "1/2-1/2"]
[WhiteElo "2052"]
[BlackElo "2179"]

1.e4 c5 2.Nf3 e6 3.d4 cxd4 4.Nxd4 a6 5.Bd3 Bc5 6.Nb3 Be7 7.O-O d6 8.Nc3 Nf6
9.Be3 Nc6 10.f4 Qc7 11.a4 b6 12.Qf3 Bb7 13.Qh3 Nb4 14.Rac1 Rc8 15.g4 d5 16.e5 Ne4
17.Bxe4 dxe4 18.Qg3 Nd5 19.Nxd5 Bxd5 20.c4 Bc6 21.c5 bxc5 22.Nxc5 a5 23.f5 O-O
24.fxe6 fxe6 25.Rxf8+ Bxf8 26.Nxe6 Qd7 27.Nxf8 Rxf8 28.Rf1 Rxf1+ 29.Kxf1 Bxa4
30.Qf4 Qf7 31.e6 Qxe6 32.Kf2 Qf6 33.Qxf6 gxf6 34.Bc5  1/2-1/2

[Event "Summer-3"]
[Site "Alushta UKR"]
[Date "2006.06.21"]
[Round "6"]
[White "Tukhaev,A"]
[Black "Moroz,A"]
[Result "0-1"]
[WhiteElo "2466"]
[BlackElo "2505"]

1.e4 c5 2.Nf3 e6 3.d4 cxd4 4.Nxd4 a6 5.Bd3 Qb6 6.Nb3 Qc7 7.O-O Nf6 8.N1d2 d6
9.a4 b6 10.Nc4 Nbd7 11.Be3 Bb7 12.a5 b5 13.Nb6 Rd8 14.Nxd7 Rxd7 15.Bb6 Qc8
16.f3 Be7 17.Qe2 O-O 18.c3 Qa8 19.Nd4 Bd8 20.Nc2 Re7 21.Nb4 Nd7 22.Bxd8 Rxd8
23.c4 Qa7+ 24.Kh1 Qc5 25.Nxa6 Bxa6 26.cxb5 Bb7 27.Rfc1 Qg5 28.b4 d5 29.Rc7 dxe4
30.Rxb7 exd3 31.Qxd3 Rc8 32.Rd1 Nf8 33.f4 Qf6 34.Rxe7 Qxe7 35.Qd4 e5 36.fxe5 Ne6
37.Qd6 Rd8 38.b6 Rxd6 39.exd6 Qb7 40.d7 Nd8 41.Re1 Qxd7 42.a6 Kf8 43.a7 Qa4
44.b5 Ne6 45.h3 Ke7 46.Rc1 Kd7 47.Rc4 Qa1+ 48.Kh2 f5 49.Rc1 Qa4 50.Rd1+ Kc8
51.Re1 Kd7 52.Rd1+ Ke7 53.Rd2 Nc5 54.Re2+ Ne4 55.Rc2 Nd6 56.Rc7+ Kf6 57.Rc6 Ke5
58.Rc8 Nxc8 59.b7 Nxa7 60.b8=Q+ Kd5 61.b6 Nc6 62.Qg8+ Kc5 63.Qxg7 Kxb6 64.Qxh7 Qf4+
65.Kh1 Kc5 66.Qd7 Qe4 67.Qd2 Nb4 68.Kh2 Nd5 69.Qa5+ Kd4 70.Qd2+ Ke5 71.Qb2+ Ke6
72.Qa2 Kf6 73.Qa6+ Qe6 74.Qa8 Kg6 75.Qb8 Nf6 76.Qg3+ Kf7 77.Qc7+ Qd7 78.Qf4 Nd5
79.Qh4 Qd6+ 80.Kh1 Nf6 81.Qc4+ Kg6 82.Qb3 Qd5 83.Qg3+ Kf7 84.Qc7+ Nd7 85.Qf4 Qe4
86.Qc1 Kg6 87.Kh2 Nf6 88.Qc7 Qe3 89.Qd6 f4 90.Qc6 Qe5 91.Kh1 Kg5 92.Qa8 Qd5
93.Qf8 Nh5 94.Qe7+ Nf6 95.Qf8 Kf5 96.Qc8+ Nd7 97.Kh2 Ke4 98.Qc2+ Qd3 99.Qc6+ Kf5
100.Qc8 Qd6 101.Kh1 Qe6 102.Qc2+ Kg5 103.Qc8 Qe1+ 104.Kh2 Nf6 105.Qd8 Qg3+
106.Kh1 Qe1+ 107.Kh2 Qe5 108.Kh1 Kg6 109.Qc8 Ne4 110.Qg8+ Kf6 111.Qf8+ Ke6
112.Qe8+ Kd5 113.Qb5+ Kd4 114.Qb2+ Nc3 115.Qd2+ Kc4 116.Qd7 Kb3 117.Qd3 Qe3
118.Qf5 Kb2 119.Qg5 Kc2 120.Qa5 Kd2 121.Qa3 Ke1 122.Qa1+ Kf2 123.Qg1+ Kg3
124.Qa1 f3 125.Qf1 f2  0-1

[Event "II Perla Baltyku"]
[Site "Mielno POL"]
[Date "2006.06.21"]
[Round "2"]
[White "Reshetnikov,E"]
[Black "Kanarek,M"]
[Result "1-0"]
[WhiteElo "2301"]
[BlackElo "2130"]

1.e4 c5 2.Nf3 e6 3.d4 cxd4 4.Nxd4 a6 5.Bd3 Qc7 6.O-O Nf6 7.Nc3 Be7 8.a4 b6
9.Be3 Bb7 10.Kh1 d6 11.Qf3 h5 12.Nb3 Nc6 13.Bf4 Nd7 14.Qe2 Nce5 15.f3 h4
16.Be3 h3 17.g3 Nc5 18.Nd4 g5 19.Kg1 Rd8 20.Rac1 Qd7 21.b4 Nexd3 22.cxd3 Nxa4
23.Nxa4 Qxa4 24.b5 Bf6 25.Ra1 Qb4 26.Rfb1 Qc3 27.Rc1 Bxd4 28.Rxc3 Bxc3 29.Rc1 Rc8
30.bxa6 Bxa6 31.Qa2 Bb7 32.Rxc3  1-0

[Event "Open"]
[Site "Teplice CZE"]
[Date "2006.06.22"]
[Round "7"]
[White "Kotek,D"]
[Black "Hadraba,V"]
[Result "0-1"]
[WhiteElo "2301"]
[BlackElo "2179"]

1.e4 c5 2.Nf3 e6 3.d4 cxd4 4.Nxd4 a6 5.Bd3 Qc7 6.Qe2 d6 7.c4 Nf6 8.Nc3 Be7
9.O-O O-O 10.Kh1 Nc6 11.Be3 Ne5 12.f4 Nxd3 13.Qxd3 Bd7 14.Rac1 Rac8 15.b3 Qb8
16.a4 b6 17.Rcd1 Rfd8 18.f5 e5 19.Nc2 b5 20.axb5 axb5 21.Nxb5 Bxb5 22.cxb5 d5
23.Bg5 d4 24.Bd2 Qb7 25.Rfe1 Rb8 26.Ba5 Rdc8 27.b6 Bc5 28.Rb1 Bxb6 29.Bd2 Ra8
30.Rb2 Bc5 31.h3 h6 32.g4 Be7 33.Re2 Nd7 34.Qf3 Bg5 35.Be1 Nc5 36.Nb4 Ra1
37.Nd3 Nxd3 38.Qxd3 Rcc1 39.Qg3 d3 40.Qxd3 Rxe1+ 41.Kg2 Qb6  0-1

[Event "Summer-3"]
[Site "Alushta UKR"]
[Date "2006.06.24"]
[Round "9"]
[White "Akshayraj,K"]
[Black "Moroz,A"]
[Result "0-1"]
[WhiteElo "2380"]
[BlackElo "2505"]

1.e4 c5 2.Nf3 e6 3.d4 cxd4 4.Nxd4 a6 5.Bd3 Qb6 6.Nb3 Qc7 7.O-O Nf6 8.c4 d6
9.Nc3 Nbd7 10.f4 b6 11.Qf3 Bb7 12.Be3 g6 13.Qh3 Bg7 14.f5 exf5 15.exf5 O-O
16.Bg5 Rfe8 17.Rf2 d5 18.cxd5 Nxd5 19.Ne4 Ne5 20.fxg6 hxg6 21.Rc1 Qb8 22.Be2 f5
23.Nc3 Nxc3 24.bxc3 Bd5 25.Rd1 Qb7 26.Qg3 Rac8 27.Nd4 b5 28.h4 Ng4 29.Bxg4 fxg4
30.Qxg4 Re4 31.Bf4 Rf8 32.Qg3 Kh7 33.Nf3 Ra4 34.h5 gxh5 35.Qg5 Bxf3 36.Rxf3 Raxf4
37.Rxf4 Bh6 38.Qxh6+ Kxh6 39.Rxf8 Qe7 40.Rf3 Qa3 41.Rf2 Qxc3 42.Rd6+ Kg5
43.Rxa6 Qa1+ 44.Kh2 Qe5+ 45.g3 h4  0-1

[Event "Open A"]
[Site "Balatonlelle HUN"]
[Date "2006.06.24"]
[Round "8"]
[White "Maringer,W"]
[Black "Balog,M"]
[Result "1/2-1/2"]
[WhiteElo "2090"]
[BlackElo "2225"]

1.e4 c5 2.Nf3 e6 3.d4 cxd4 4.Nxd4 a6 5.Bd3 Nf6 6.Nc3 Qc7 7.f4 d6 8.Qe2 g6
9.e5 dxe5 10.fxe5 Nfd7 11.Bf4 Bb4 12.O-O Bc5 13.Qf2 Nc6 14.Nce2 Nxd4 15.Nxd4 O-O
16.Rae1 Qb6 17.c3 f6 18.Bh6 Rf7 19.Kh1 f5 20.Bc4 Nf8 21.Bb3 Bd7 22.Rd1 Rd8
23.Qh4 Re8 24.Nf3 Bc6 25.Ng5 Be7 26.Bxf8 Bxg5 27.Qxg5 Rfxf8 28.h4 Kg7 29.h5 Qc5
30.h6+ Kg8 31.Qf4 Kf7 32.Rd6 Qb5 33.Bc4 Qxb2 34.Qg5 Kg8 35.Rxe6 Rxe6 36.Bxe6+ Kh8
37.Qg3 Qe2 38.Rf2 Qh5+ 39.Qh2 Qg5 40.Qf4 Qh5+ 41.Kg1 Qd1+ 42.Kh2 Qh5+ 43.Kg1 Qd1+  1/2-1/2

[Event "ch-NED"]
[Site "Hilversum NED"]
[Date "2006.06.24"]
[Round "7"]
[White "Van der Wiel,J"]
[Black "Stellwagen,D"]
[Result "1-0"]
[WhiteElo "2511"]
[BlackElo "2543"]

1.e4 c5 2.Nf3 e6 3.d4 cxd4 4.Nxd4 a6 5.Bd3 Bc5 6.Nb3 Ba7 7.Nc3 Nc6 8.Qg4 Nf6
9.Qg3 d6 10.O-O b5 11.Kh1 Bb7 12.Qxg7 Rg8 13.Qh6 Ne5 14.f3 Rg6 15.Qh4 Rc8
16.Bd2 Kd7 17.Rad1 Qg8 18.Bf4 Ke7 19.Ne2 Nxd3 20.Rxd3 Rxc2 21.Bxd6+ Ke8 22.Ng3 Qg7
23.e5 Rh6 24.exf6 Qg6 25.Be7 Rc8 26.Qf4 Bb8 27.Rd6 Bxd6 28.Qxd6 Qc2 29.Nc5  1-0

[Event "II Open"]
[Site "Sort ESP"]
[Date "2006.06.27"]
[Round "2"]
[White "Lorenzo de la Riva,L"]
[Black "Bruno,F"]
[Result "1-0"]
[WhiteElo "2296"]
[BlackElo "2394"]

1.e4 c5 2.Nf3 e6 3.d4 cxd4 4.Nxd4 a6 5.Bd3 Qc7 6.O-O Nf6 7.c3 b6 8.Bg5 Bb7
9.Nd2 Bd6 10.f4 h6 11.Bxf6 gxf6 12.e5 Bc5 13.b4 Bxd4+ 14.cxd4 Qc3 15.Nf3 f5
16.Rc1 Qxb4 17.Rc7 Bxf3 18.Qxf3 Nc6 19.Kh1 Kd8 20.Rxc6 dxc6 21.Qxc6 Rc8 22.Qb7 Re8
23.Bxa6 Rc7 24.Qf3 Rc3 25.Qe2 Ke7 26.d5 exd5 27.Qh5 Rc6 28.Qxf5 Rg8 29.Bb7 Qd2
30.g3 Re6 31.Qb1 Rd8 32.f5 Rxe5 33.f6+ Kd7 34.Qb5+ Kc7 35.Qc6+ Kb8 36.Ba6  1-0

[Event "III Open"]
[Site "Sanxenxo ESP"]
[Date "2006.06.28"]
[Round "3"]
[White "Pena Torres,J"]
[Black "Reinaldo Castineira,R"]
[Result "1/2-1/2"]
[WhiteElo "2149"]
[BlackElo "2441"]

1.e4 c5 2.Nf3 e6 3.d4 cxd4 4.Nxd4 a6 5.Bd3 Nf6 6.O-O d6 7.c4 Be7 8.Nc3 O-O
9.Kh1 Re8 10.f4 Nbd7 11.Be3 Bf8 12.Nb3 b6 13.Rc1 Bb7 14.Bg1 g6 15.Rc2 Bh6
16.Qe1 d5 17.cxd5 exd5 18.e5 Nh5 19.Ne2 f6 20.exf6 Ndxf6 21.Qh4 Qd6 22.Bd4 Ne4
23.g4 Nc5 24.Rxc5 bxc5 25.Nxc5 Bg7 26.Nxb7 Qb4 27.gxh5 Bxd4 28.hxg6 hxg6
29.f5 Bc5 30.Qxb4 Bxb4 31.fxg6 Re7 32.a3 Rxb7 33.axb4 Rxb4 34.Nc3 Rf8 35.Nxd5 Rxf1+
36.Bxf1 Rxb2 37.Bxa6 Rd2 38.Kg1 Rxd5  1/2-1/2

[Event "Midnight Sun"]
[Site "Tromso NOR"]
[Date "2006.06.29"]
[Round "6"]
[White "Brasoy,A"]
[Black "Lohou,S"]
[Result "1-0"]
[WhiteElo "1969"]
[BlackElo "2142"]

1.e4 c5 2.Nf3 e6 3.d4 cxd4 4.Nxd4 a6 5.Bd3 Bc5 6.Nb3 Be7 7.Qg4 g6 8.Qe2 d6
9.O-O Nc6 10.Nc3 Qc7 11.Kh1 h5 12.f4 Nf6 13.f5 Ne5 14.Bg5 Nh7 15.Bxe7 Qxe7
16.Nd4 Bd7 17.fxe6 fxe6 18.Nf3 Qg7 19.Qe3 Nxf3 20.Rxf3 Qe5 21.Qb6 Ng5 22.Rf2 Bc6
23.Raf1 h4 24.Qc7 h3 25.g3 Rd8 26.Rf7 Bd7 27.R7f6 Bc6 28.Qg7  1-0

[Event "DS IM"]
[Site "Brno CZE"]
[Date "2006.06.30"]
[Round "1"]
[White "Cerveny,P"]
[Black "Vyskocil,N"]
[Result "1/2-1/2"]
[WhiteElo "2164"]
[BlackElo "2307"]

1.e4 c5 2.Nf3 e6 3.d4 cxd4 4.Nxd4 a6 5.Bd3 Nf6 6.O-O d6 7.c4 Be7 8.Nc3 O-O
9.b3 Bd7 10.Be3 Nc6 11.Nxc6 Bxc6 12.b4 d5 13.exd5 exd5 14.c5 Ne4 15.Nxe4 dxe4
16.Bc4 Bf6 17.Rb1 Qe8 18.Qe2 Qe5 19.Rfd1 Rfd8 20.g3 g6 21.Bf4 Rxd1+ 22.Qxd1 Qc3
23.Qb3 Qxb3 24.Bxb3 Bc3 25.Bc2 Bd5 26.Bb3 Bc6 27.Bc2 Bd5 28.Bb3 Bc6 29.Bc2  1/2-1/2

[Event "ch-SWE"]
[Site "Gothenburg SWE"]
[Date "2006.07.03"]
[Round "3"]
[White "Ernst,T"]
[Black "Hellsten,J"]
[Result "1/2-1/2"]
[WhiteElo "2456"]
[BlackElo "2570"]

1.e4 c5 2.Nf3 e6 3.d4 cxd4 4.Nxd4 a6 5.Bd3 Nf6 6.O-O d6 7.c4 b6 8.Nc3 Bb7
9.f4 Nbd7 10.Qe2 g6 11.f5 Qe7 12.fxe6 fxe6 13.Bg5 Bg7 14.Nf3 O-O 15.Rad1 h6
16.Bh4 g5 17.Bf2 Ng4 18.Bg3 Nge5 19.Nxe5 Nxe5 20.Rxf8+ Rxf8 21.Bc2 Bc6 22.Bb3 Kh8
23.Qd2 Rd8 24.Bf2 b5 25.cxb5 axb5 26.a3 Ng6 27.Bd4 Ne5 28.Bf2 Ng4 29.Bd4 Ne5  1/2-1/2

[Event "Open"]
[Site "Albarino ESP"]
[Date "2006.07.04"]
[Round "2"]
[White "Casares Cabanas,C"]
[Black "Manolache,M"]
[Result "0-1"]
[WhiteElo "2207"]
[BlackElo "2501"]

1.e4 c5 2.Nf3 e6 3.d4 cxd4 4.Nxd4 a6 5.Bd3 Nf6 6.O-O d6 7.c4 Nbd7 8.Nc3 g6
9.Be3 Bg7 10.Rc1 O-O 11.f3 Re8 12.Qd2 b6 13.Rfd1 Bb7 14.Bf1 Rc8 15.Nb3 Bf8
16.Qf2 Qc7 17.Qh4 Qb8 18.Bg5 Nh5 19.Qf2 Ba8 20.Be3 Be7 21.Nd4 Bd8 22.b4 Ne5
23.Na4 Bc7 24.Nb3 d5 25.cxd5 exd5 26.Bxb6 dxe4 27.Bxc7 Rxc7 28.Rxc7 Qxc7
29.Qc5 Qb8 30.fxe4 Bxe4 31.Qd6 Qc8 32.Nac5 Bc2 33.Rd4 Qf5 34.Nd7 Ng4 35.Rd2 Bxb3
36.axb3 Qg5 37.Qc5 Qxd2  0-1